000 004770000a22001690004500
041 0 _aENG
082 0 4 _aG 266 G5495c
100 1 _aGlasser, Arthur F. (1914-)
245 1 0 _aCrucial dimensions in world evangelization / Arthur F.Glasser...[et. al ]
260 _aSouth Pasadena, CA., USA : William Carey
300 _a466 Pag
001 7279
942 _cBK
999 _c37495
_d37495
336 _atexto
_btxt
_2rdacontent
337 _2rdamedia
_asin mediación
_bn
338 _2rdacarrier
_avolumen
_bnc